000 00721nam a2200217 i 4500
001 91791
003 ES-MaACL
005 20230906180821.0
007 t|
008 050215s2004 gw ||||1| spa d
020 _a3-86527-122-7
080 _a821.134.2-7.09"17"
080 _a05(460.27 M.)
100 1 _aUzcanga Meinecke, Francisco.
_9112349
245 1 0 _aSátira en la Ilustración española
_b: análisis de la publicación periódica El Censor (1781-1787) /
_cFrancisco Uzcanga Meinecke.
260 _aFrankfur am Main :
_bVervuert,
_c2004.
300 _a223 p. ;
_c22 cm.
630 3 7 _aEl Censor.
_9135281
650 1 4 _aSática política española-
_yS.XVIII.
_916996
852 _aES-MaACL
_jL-28836
_bR.135336
999 _c91791
_d91791